The collected papers of Lord Rutherford of Nelson (Record no. 2227)

MARC details
000 -LEADER
fixed length control field 00623nam a2200181Ia 4500
003 - CONTROL NUMBER IDENTIFIER
control field IN-BaIIA
008 - FIXED-LENGTH DATA ELEMENTS--GENERAL INFORMATION
fixed length control field 211028s9999 xx 000 0 eng d
040 ## - CATALOGING SOURCE
Transcribing agency IIA Library
080 ## - UNIVERSAL DECIMAL CLASSIFICATION NUMBER
Universal Decimal Classification number 081:53
Item number CHA
100 ## - MAIN ENTRY--PERSONAL NAME
Personal name Chadwick, James
9 (RLIN) 1530
245 #4 - TITLE STATEMENT
Title The collected papers of Lord Rutherford of Nelson
Remainder of title vol. 1
Statement of responsibility, etc. James Chadwick
260 ## - PUBLICATION, DISTRIBUTION, ETC.
Place of publication, distribution, etc. London
Name of publisher, distributor, etc. George Allen & Unwin
Date of publication, distribution, etc. 1962
300 ## - PHYSICAL DESCRIPTION
Extent 931p.
650 ## - SUBJECT ADDED ENTRY--TOPICAL TERM
Topical term or geographic name entry element Astronomy and Astrophysics Thesaurus
650 ## - SUBJECT ADDED ENTRY--TOPICAL TERM
Topical term or geographic name entry element Collected Works-Lord Rutherford Nelson
9 (RLIN) 4017
650 ## - SUBJECT ADDED ENTRY--TOPICAL TERM
Topical term or geographic name entry element Lord Rutherford Nelson Collected Works
9 (RLIN) 4018
942 ## - ADDED ENTRY ELEMENTS (KOHA)
Koha item type Books
Holdings
Withdrawn status Lost status Source of classification or shelving scheme Damaged status Not for loan Home library Current library Shelving location Date acquired Total Checkouts Full call number Barcode Date last seen Price effective from Koha item type Purchase Price
    Dewey Decimal Classification     IIA Library-Bangalore IIA Library-Bangalore General Stacks     081:53/ CHA 2494 05/11/2021   Books  

Powered by Koha